000 00188nam a2200109Ia 4500
100 _a#N/A
490 _vI
942 _cBK
245 _aSeeds of Peace
260 _bDBF
546 _aENGLISH
999 _c31565
_d31565